00920cam a2200277 a 4500001000500000005001700005020001800022040003000040050002200070082001200092100002000104245009000124246003100214246004900245250003400294260003400328300005900362505000800421520003500429521002000464521002000484650003500504650003400539700003700573700003200610290020250826140604.0 a9780439560108 aUWBcUWBdOCLCQdDLCbeng00aQA113.P3452b200300a513.2111 aPallotta, Jerry10aIcky bug numbers 123/cby Pallotta, : illustrated by Briedrzy, David and Bolster, Rob3 aIcky bug numbers 1 2 3 4 53 aIcky bug numbers one, two, three, four, five aFirst printing, November 2003 aNew York :bScholastic,c2003 a30 unnumbered pages :bcolor illustrations ; c21 cm. aJ  aUses insects to teach numbers. a450 bLexile  aJ bRaz-Plus  0aCountingvJuvenile literature. 0aInsectsvJuvenile literature.1 aBiedrzycki, David,eillustrator 1 aBolster, Rob,eillustrator